000 00218nam a2200085Ia 4500
008 170620s9999 xx 000 0 und d
100 _aPruthi- R. K.
245 0 _aEducation in Modern India
260 _bNew Delhi- Sonali Publication
260 _c2004
999 _c24094
_d24094